Informe

Finalidad, componentes y usuarios del sistema de teleproceso en Panamá, 1978. Detalla la labor que inició la contraloría general, consistente en un plan de mecanización de la información relacionada al presupuesto de gastos, con miras a contralor eficientemente los recursos financieros de que dispon...

Ful tanımlama

Kaydedildi:
Detaylı Bibliyografya
Müşterek Yazar: ICAP
Materyal Türü: Bilinmiyor
Baskı/Yayın Bilgisi: San José: ICAP
Konular:
Etiketler: Etiketle
Etiket eklenmemiş, İlk siz ekleyin!

MARC

LEADER 00000 a2200000 04500
001 19942
003
008 991231s d
040
090 |a 081204  
110 |a ICAP  
245 |a Informe  
260 |a San José:   |b ICAP  
300 |a pag. irreg.  
520 |a Finalidad, componentes y usuarios del sistema de teleproceso en Panamá, 1978. Detalla la labor que inició la contraloría general, consistente en un plan de mecanización de la información relacionada al presupuesto de gastos, con miras a contralor eficientemente los recursos financieros de que dispone el Estado./ACM  
650 |a ELABORACION DEL PRESUPUESTO  
650 |a METODOS PRESUPUESTARIOS  
650 |a PRESUPUESTO NACIONAL  
650 |a PUB. ICAP  
999 |c 14480  |d 14480